[Event "18. Blankenburger Schachturnier, A-Gr."]
[Site "?"]
[Date "2013.10.04"]
[Round "4.2"]
[White "Jahnel, Günther"]
[Black "Kahe, Ralph"]
[Result "1-0"]
[WhiteElo "2301"]
[BlackElo "2205"]
[PlyCount "193"]

1. d4 Nf6 2. c4 g6 3. Nc3 Bg7 4. Nf3 d6 5. Bg5 c6 6. e3 Qa5 7. Bh4 Ne4 8. Qc2
Bf5 9. Bd3 Nxc3 10. bxc3 Bxd3 11. Qxd3 Nd7 12. O-O Qa6 13. e4 Nb6 14. Nd2 Rc8
15. a4 e6 16. a5 Nd7 17. f4 c5 18. Rab1 Rc7 19. Rb5 O-O 20. f5 exf5 21. exf5 d5
22. dxc5 dxc4 23. Qxc4 Ne5 24. Qb3 gxf5 25. Rxf5 Ng6 26. Bg3 Rd7 27. Ne4 Ne7
28. Rf1 Qc6 29. Nd6 Ng6 30. Qb4 Bh6 31. Ne4 f5 32. Nd6 Be3+ 33. Kh1 a6 34. Rxb7
Rxb7 35. Nxb7 f4 36. Bf2 Bxf2 37. Rxf2 Rb8 38. Qc4+ Kg7 39. Nd6 Qxc5 40. Qxc5
Rb1+ 41. Rf1 Rxf1+ 42. Qg1 Rxg1+ 43. Kxg1 Kf6 44. Ne8+ Kf5 45. Nc7 Ne5 46. Nxa6
Nc4 47. Nc5 Nxa5 48. Kf2 Nc4 49. Ke2 Ne5 50. Nd3 Nc4 51. Nf2 Ne5 52. Nd3 Nc4
53. Nc5 Ne5 54. h3 h5 55. Nb3 Ke4 56. Nd2+ Kd5 57. Kf2 Kc5 58. Kf1 Kd5 59. Ke1
Ng6 60. Kf2 Ne5 61. Ke2 Ng6 62. Nf3 Kc6 63. Kd2 Ne7 64. Ne5+ Kd5 65. Nd3 Ke4
66. Nf2+ Kf5 67. c4 Ng6 68. Nd3 Nh4 69. Ne1 Ke5 70. Kd3 Kf5 71. c5 Ng6 72. Nf3
Ne7 73. Kd4 Nc6+ 74. Kd5 Nb4+ 75. Kc4 Na6 76. c6 Ke4 77. Ng5+ Kf5 78. Kb5 Nc7+
79. Kb6 Nd5+ 80. Kc5 Ne7 81. Nf3 Ke4 82. Kd6 Nc8+ 83. Ke6 Na7 84. c7 Ke3 85.
Kf5 Nb5 86. c8=N Nc3 87. Ne7 Kf2 88. Nh4 Kg3 89. Kg5 Nd1 90. Nef5+ Kf2 91. Kxf4
Nc3 92. Kg5 Nd5 93. Kxh5 Nf4+ 94. Kg5 Ne6+ 95. Kg4 Ke2 96. Nf3 Kd3 97. g3 1-0

[Event "18. Blankenburger Schachturnier, A-Gr."]
[Site "?"]
[Date "2013.10.04"]
[Round "4.3"]
[White "Kesik, Klaus-Dieter"]
[Black "Khudovekov, Stanislav"]
[Result "1-0"]
[WhiteElo "2233"]
[BlackElo "2048"]
[PlyCount "151"]

1. d4 f5 2. g3 Nf6 3. Bg2 e6 4. Nf3 d5 5. O-O c6 6. b3 Bd6 7. Ba3 O-O 8. Ne5
Bxa3 9. Nxa3 Qd6 10. Nb1 c5 11. e3 Nc6 12. Nxc6 bxc6 13. Nd2 Ne4 14. c4 Ba6 15.
Re1 cxd4 16. exd4 Qb4 17. Nxe4 fxe4 18. a3 Qe7 19. Ra2 Rad8 20. c5 e5 21. b4
Qf6 22. dxe5 Qxe5 23. Qa1 Qf5 24. Qd4 Rde8 25. Rb2 Bb5 26. Re3 Re6 27. h3 Rh6
28. f3 exf3 29. Rxf3 Qc8 30. Rxf8+ Qxf8 31. Rf2 Qe7 32. Qf4 Qe8 33. h4 Rf6 34.
Qd2 Rxf2 35. Qxf2 Qe5 36. Qf4 Qxf4 37. gxf4 Kf7 38. Bh3 Kf6 39. Kf2 Kg6 40. Bg4
Kf6 41. Ke3 Ba4 42. Kd4 Bb5 43. Ke3 Ba4 44. Be2 h6 45. Bd3 Ke6 46. Kd4 Bb3 47.
Ba6 Ba4 48. Bc8+ Kf6 49. Ba6 Ke6 50. f5+ Kxf5 51. b5 Ke6 52. Bc8+ Ke7 53. bxc6
Bxc6 54. h5 Kf6 55. Bg4 Ba8 56. Bd7 Ke7 57. Bc8 Kf6 58. Bd7 Ke7 59. Bb5 Ke6 60.
Ba4 a6 61. Bd1 Bc6 62. Be2 a5 63. Ba6 Kf5 64. Be2 g5 65. hxg6 Kxg6 66. Ke5 d4
67. Kd6 Be4 68. c6 d3 69. Bg4 h5 70. c7 Bb7 71. Bf3 Bc8 72. Be4+ Kg5 73. Bxd3
Kf4 74. Bb5 Ke4 75. Bd7 Ba6 76. Kc5 1-0

[Event "18. Blankenburger Schachturnier, A-Gr."]
[Site "?"]
[Date "2013.10.04"]
[Round "4.4"]
[White "Prüsse, Horst"]
[Black "Bauer, Burkhard"]
[Result "1-0"]
[WhiteElo "2010"]
[BlackElo "2123"]
[PlyCount "41"]

1. e4 c5 2. Nc3 Nc6 3. Bb5 e6 4. Bxc6 dxc6 5. f4 Nf6 6. Nf3 Be7 7. O-O c4 8. b3
cxb3 9. axb3 c5 10. Qe1 b6 11. d3 Bb7 12. Qg3 Nh5 13. Qh3 Nf6 14. Kh1 Bc8 15.
Ne5 Qc7 16. Bb2 Qb8 17. Qg3 Kf8 18. Nc6 Qc7 19. Nxe7 Qxe7 20. e5 Nh5 21. Qf3
1-0

[Event "18. Blankenburger Schachturnier, A-Gr."]
[Site "?"]
[Date "2013.10.04"]
[Round "4.8"]
[White "Homburg, David"]
[Black "Gröbel, Aaron"]
[Result "1/2-1/2"]
[WhiteElo "2021"]
[BlackElo "1666"]
[PlyCount "116"]

1. d4 Nf6 2. c4 c5 3. Nf3 g6 4. Nc3 cxd4 5. Nxd4 Bg7 6. e4 d6 7. Be2 O-O 8. O-O
Nbd7 9. Be3 Ne5 10. h3 Qc7 11. b3 a6 12. Rc1 Bd7 13. f4 Nc6 14. Qd2 Qa5 15.
Rfd1 Rfd8 16. Bf3 Rab8 17. Nxc6 Bxc6 18. Nd5 Qxd2 19. Rxd2 Bxd5 20. cxd5 Rbc8
21. Rdc2 Rxc2 22. Rxc2 h5 23. g4 Kf8 24. Bb6 Rb8 25. gxh5 gxh5 26. Bd4 h4 27.
Bf2 Bh6 28. Bxh4 Bxf4 29. Bxf6 exf6 30. Bg4 Be3+ 31. Kg2 Bc5 32. Kf3 a5 33. Bf5
Ke7 34. Rg2 Rh8 35. Rg7 Kf8 36. Rh7 Rxh7 37. Bxh7 Kg7 38. Bf5 b6 39. Ke2 Kf8
40. Kd3 Ke7 41. Kc4 Kd8 42. Kb5 Kc7 43. Bh7 Bb4 44. Bg8 f5 45. Bxf7 fxe4 46.
Bg6 e3 47. Bd3 Be1 48. Kc4 Kd7 49. Kd4 Bf2 50. Ke4 Ke7 51. Kf5 Be1 52. Kg5 Bd2
53. Be2 Bc3 54. h4 Bf6+ 55. Kg4 Kf7 56. h5 Kg7 57. Kf5 Bd4 58. Ke6 Bc5 1/2-1/2

[Event "18. Blankenburger Schachturnier, A-Gr."]
[Site "?"]
[Date "2013.10.04"]
[Round "4.9"]
[White "Michael, Dirk"]
[Black "Fleischmann, Torsten"]
[Result "1-0"]
[WhiteElo "2095"]
[BlackElo "1868"]
[PlyCount "77"]

1. c4 c5 2. Nc3 Nc6 3. g3 g6 4. Bg2 Bg7 5. d3 Nf6 6. e4 O-O 7. Nge2 d6 8. O-O
a6 9. h3 Rb8 10. f4 Nd4 11. Nxd4 cxd4 12. Ne2 e5 13. g4 Qc7 14. Ng3 b5 15. cxb5
Rxb5 16. fxe5 dxe5 17. Bg5 Nd7 18. b3 f6 19. Rc1 Qb7 20. Bd2 Nc5 21. a4 Nxb3
22. axb5 Nxc1 23. bxa6 Qxa6 24. Bxc1 Qb5 25. Ba3 Re8 26. Qb1 Ba6 27. Qa2+ Kh8
28. Qf7 Rc8 29. Rf3 Qa4 30. Be7 Qd7 31. Rxf6 Bxd3 32. Rd6 Qc7 33. Qe6 Re8 34.
Qd7 Qb8 35. Bf1 Bxf1 36. Nxf1 Bf8 37. Bf6+ Kg8 38. Rc6 Bh6 39. Rc7 1-0

[Event "18. Blankenburger Schachturnier, A-Gr."]
[Site "?"]
[Date "2013.10.04"]
[Round "4.10"]
[White "Schomann, Michael"]
[Black "Kasper, Mike"]
[Result "1/2-1/2"]
[WhiteElo "1753"]
[BlackElo "1917"]
[PlyCount "44"]

1. d4 d5 2. c4 e6 3. Nc3 c5 4. cxd5 cxd4 5. Qxd4 Nc6 6. Qd1 exd5 7. e3 d4 8.
exd4 Qxd4 9. Be3 Qxd1+ 10. Rxd1 Nf6 11. Bb5 Bd7 12. a3 a6 13. Be2 b5 14. Nf3 b4
15. axb4 Bxb4 16. Bd2 O-O 17. O-O Rfe8 18. Rfe1 Be6 19. Rc1 h6 20. h3 Red8 21.
Nb1 Bxd2 22. Nbxd2 Nd4 1/2-1/2

[Event "18. Blankenburger Schachturnier, A-Gr."]
[Site "?"]
[Date "2013.10.04"]
[Round "4.11"]
[White "Ziervogel, Alexander"]
[Black "Hielscher, Ursula"]
[Result "1/2-1/2"]
[WhiteElo "1797"]
[BlackElo "1891"]
[PlyCount "64"]

1. d4 Nf6 2. Nf3 g6 3. c4 Bg7 4. g3 d6 5. Bg2 O-O 6. O-O c6 7. Nc3 Bf5 8. Qb3
Qb6 9. Qxb6 axb6 10. Bf4 Na6 11. a3 Nc7 12. c5 bxc5 13. dxc5 Ncd5 14. cxd6 Nxc3
15. bxc3 Nd5 16. dxe7 Rfe8 17. Bd6 Nxc3 18. Ne5 Nb5 19. Nc4 Bxa1 20. Rxa1 Be6
21. Nb6 Nxd6 22. Nxa8 Rxa8 23. Rd1 Re8 24. Rxd6 Rxe7 25. e4 Bc4 26. f4 Re8 27.
Rd7 Ra8 28. Rxb7 Rxa3 29. Rc7 Ra1+ 30. Kf2 Ra2+ 31. Kg1 Ra1+ 32. Kf2 Ra2+
1/2-1/2

[Event "18. Blankenburger Schachturnier, A-Gr."]
[Site "?"]
[Date "2013.10.04"]
[Round "4.12"]
[White "Kalliwoda, Enrico"]
[Black "Fahsel, Nico"]
[Result "0-1"]
[WhiteElo "1873"]
[BlackElo "1766"]
[PlyCount "58"]

1. e4 e5 2. Nf3 Nc6 3. Bb5 a6 4. Ba4 d6 5. c3 Nf6 6. O-O Be7 7. Re1 Bg4 8. d3
d5 9. Nbd2 b5 10. exd5 Qxd5 11. Bc2 O-O 12. b3 Rad8 13. Bb2 Nd7 14. d4 f5 15.
c4 bxc4 16. bxc4 Qd6 17. c5 Qf6 18. d5 Nd4 19. Bxd4 exd4 20. Re6 Qf7 21. h3
Bxf3 22. Nxf3 Nxc5 23. Nxd4 Rxd5 24. Rc6 Kh8 25. Rxc7 Qf6 26. Qe1 Bd6 27. Rc6
Rxd4 28. Rb1 Bh2+ 29. Kxh2 Qxc6 0-1

[Event "18. Blankenburger Schachturnier, A-Gr."]
[Site "?"]
[Date "2013.10.04"]
[Round "4.13"]
[White "Zerfass, Ottfried"]
[Black "Perkampus, Lars"]
[Result "1-0"]
[WhiteElo "1913"]
[BlackElo "1975"]
[PlyCount "65"]

1. e4 c6 2. d4 d5 3. exd5 cxd5 4. Bd3 Nc6 5. c3 Nf6 6. Bf4 e6 7. Nf3 Bd6 8. Ne5
Bxe5 9. dxe5 Nd7 10. Qe2 a6 11. Nd2 b5 12. O-O Bb7 13. Nf3 h6 14. Rfe1 Qe7 15.
Rad1 g5 16. Bg3 Nc5 17. Bb1 O-O-O 18. Nd4 h5 19. h3 Rdg8 20. f4 h4 21. Bh2 f5
22. exf6 Qxf6 23. Nxe6 gxf4 24. Nxc5 f3 25. Qe6+ Qxe6 26. Rxe6 Rxg2+ 27. Kh1
Nd8 28. Re7 Rxh2+ 29. Kxh2 Rg8 30. Nxb7 Rg2+ 31. Kh1 Nxb7 32. Bf5+ Kb8 33. Bg4
1-0

[Event "18. Blankenburger Schachturnier, A-Gr."]
[Site "?"]
[Date "2013.10.05"]
[Round "5.1"]
[White "Paul, Johannes"]
[Black "Jahnel, Günther"]
[Result "0-1"]
[WhiteElo "2238"]
[BlackElo "2301"]
[PlyCount "150"]

1. c4 g6 2. d4 c5 3. Nf3 Bg7 4. e4 cxd4 5. Nxd4 Nc6 6. Be3 d6 7. Nc3 Nf6 8. Be2
O-O 9. O-O Bd7 10. Qd2 Ng4 11. Bxg4 Bxg4 12. Rac1 Qa5 13. h3 Be6 14. b3 Rfc8
15. Rfd1 Nxd4 16. Bxd4 Bxd4 17. Qxd4 Rc5 18. Rb1 Qa6 19. a4 b6 20. Nd5 Bxd5 21.
exd5 Rc7 22. Rd3 Qc8 23. Re1 Rb8 24. Rde3 Qf8 25. f4 Rbb7 26. f5 Qg7 27. Qd3 a6
28. Rf1 Rb8 29. Ref3 Rf8 30. Kh1 Rb7 31. f6 exf6 32. Rxf6 Rd8 33. b4 Qf8 34.
Qd4 Qe8 35. Qf4 Rbd7 36. c5 bxc5 37. bxc5 dxc5 38. d6 Qe2 39. Rf2 Qd1+ 40. Kh2
Qd4 41. Qg5 Re8 42. R2f4 Qe5 43. Qg4 Re6 44. Rxe6 fxe6 45. Kg1 Qxd6 46. Qg5 Rf7
47. Re4 Qd5 48. Qe3 Qd1+ 49. Kh2 Qd6+ 50. Kg1 Re7 51. Qb3 Re8 52. a5 Kg7 53.
Qb7+ Re7 54. Qb6 Qxb6 55. axb6 Kf6 56. Ra4 Ke5 57. Rxa6 Rb7 58. Kf2 Kd4 59. Ke2
h5 60. Kd2 e5 61. g4 hxg4 62. hxg4 c4 63. g5 Kc5 64. Ra5+ Kb4 65. Rxe5 Rxb6 66.
Re4 Rb5 67. Rg4 Rf5 68. Kc1 Rf1+ 69. Kc2 Rf2+ 70. Kd1 Kb3 71. Re4 Rf1+ 72. Ke2
Rf5 73. Re6 Rxg5 74. Kd2 Rg2+ 75. Kd1 g5 0-1

[Event "18. Blankenburger Schachturnier, A-Gr."]
[Site "?"]
[Date "2013.10.05"]
[Round "5.2"]
[White "Nestler, Reiner"]
[Black "Tonndorf, Matthias"]
[Result "0-1"]
[WhiteElo "2101"]
[BlackElo "2222"]
[PlyCount "64"]

1. d4 Nf6 2. c4 e6 3. Nc3 Bb4 4. e3 b6 5. Nge2 Ba6 6. Qa4 c5 7. a3 Bxc3+ 8.
bxc3 O-O 9. Ng3 Qc7 10. Bd2 Rc8 11. Rc1 Qc6 12. Qb3 Qb7 13. Qa2 Qc6 14. Qb3 Qd6
15. Be2 Nc6 16. O-O Na5 17. Qa2 Qc7 18. Rfd1 cxd4 19. cxd4 Nxc4 20. Be1 d5 21.
Rc3 Qb7 22. Rb1 Nd6 23. Rxc8+ Rxc8 24. Bxa6 Qxa6 25. Bb4 Nfe8 26. f3 Qd3 27.
Re1 Nc4 28. Qe2 Qxe2 29. Rxe2 a5 30. Be7 Rc7 31. e4 Rxe7 32. exd5 Kf8 0-1

[Event "18. Blankenburger Schachturnier, A-Gr."]
[Site "?"]
[Date "2013.10.05"]
[Round "5.3"]
[White "Prüsse, Horst"]
[Black "Kesik, Klaus-Dieter"]
[Result "0-1"]
[WhiteElo "2010"]
[BlackElo "2233"]
[PlyCount "54"]

1. e4 Nf6 2. Nc3 d6 3. f4 g6 4. Nf3 Bg7 5. Bc4 O-O 6. d3 c6 7. O-O b5 8. Bb3 a5
9. a3 Na6 10. Qe1 Nc5 11. Qh4 Nxb3 12. cxb3 Bg4 13. Ng5 h6 14. Be3 b4 15. axb4
axb4 16. Rxa8 Qxa8 17. e5 dxe5 18. fxe5 hxg5 19. Bxg5 Qa7+ 20. Kh1 bxc3 21.
exf6 exf6 22. Bc1 cxb2 23. Bxb2 f5 24. Bxg7 Kxg7 25. Qg3 Qd4 26. h3 Re8 27. Rf4
Qa1+ 0-1

[Event "18. Blankenburger Schachturnier, A-Gr."]
[Site "?"]
[Date "2013.10.05"]
[Round "5.6"]
[White "Bauer, Burkhard"]
[Black "Homburg, David"]
[Result "0-1"]
[WhiteElo "2123"]
[BlackElo "2021"]
[PlyCount "86"]

1. Nf3 Nf6 2. c4 b6 3. g3 Ba6 4. d3 e6 5. Bg2 Be7 6. O-O c6 7. Nbd2 O-O 8. b3
d5 9. Bb2 Bb7 10. e4 c5 11. Qe2 d4 12. Ne5 Nfd7 13. Nxd7 Nxd7 14. f4 e5 15. Nf3
Bd6 16. Bc1 Qe7 17. Nh4 Qd8 18. Nf5 Nf6 19. Nxd6 Qxd6 20. f5 Nd7 21. g4 f6 22.
h4 Kf7 23. Bd2 Ke7 24. Bf3 Bc6 25. Kh1 h6 26. g5 hxg5 27. hxg5 Rh8+ 28. Kg2 Kd8
29. Rh1 Kc7 30. Bh5 fxg5 31. Bxg5 Nf6 32. Bf3 Nh7 33. Bh4 g6 34. fxg6 Qxg6+ 35.
Kf2 Raf8 36. Rag1 Qf7 37. Rg3 Bd7 38. Rhg1 Qh5 39. Rh1 Kb7 40. Bf6 Qxh1 41.
Bxh1 Nxf6 42. Kg1 Nh5 43. Rg5 Nf4 0-1

[Event "18. Blankenburger Schachturnier, A-Gr."]
[Site "?"]
[Date "2013.10.05"]
[Round "5.7"]
[White "Khudovekov, Stanislav"]
[Black "Michael, Dirk"]
[Result "0-1"]
[WhiteElo "2048"]
[BlackElo "2095"]
[PlyCount "76"]

1. c4 c5 2. g3 Nc6 3. Bg2 h5 4. h4 g6 5. Nc3 Bg7 6. e4 d6 7. d3 Bd7 8. Nge2 a6
9. a4 Nh6 10. Rb1 Rb8 11. O-O Qc8 12. Nf4 Nd4 13. b4 cxb4 14. Rxb4 Bg4 15. Nfe2
Nf3+ 16. Kh1 Nxh4 17. f3 Bxf3 18. Rxf3 Nxf3 19. Bxf3 Qh3+ 20. Kg1 Bxc3 21. Nxc3
Qxg3+ 22. Bg2 Ng4 23. Nd5 e6 24. Nf4 Qf2+ 25. Kh1 Qc5 26. Qb3 Nf2+ 27. Kh2 Ng4+
28. Kh1 Qf2 29. Qc3 e5 30. Nh3 Qg3 31. Kg1 Ne3 32. Bxe3 Qxe3+ 33. Nf2 h4 34.
Bh3 Rh5 35. Kf1 Rg5 36. Qb2 Rg3 37. Rxb7 Rxb7 38. Qxb7 Qc1+ 0-1

[Event "18. Blankenburger Schachturnier, A-Gr."]
[Site "?"]
[Date "2013.10.05"]
[Round "5.9"]
[White "Gröbel, Aaron"]
[Black "Zerfass, Ottfried"]
[Result "1-0"]
[WhiteElo "1666"]
[BlackElo "1913"]
[PlyCount "81"]

1. e4 c5 2. Nf3 Nc6 3. d4 cxd4 4. Nxd4 g6 5. Nc3 Bg7 6. Be3 Nf6 7. Bc4 Qa5 8.
Nb3 Qc7 9. Bd3 O-O 10. O-O d6 11. h3 Ne5 12. Nb5 Qb8 13. f4 Nxd3 14. Qxd3 Bd7
15. Nc3 b6 16. Rad1 Qb7 17. e5 Bf5 18. Qd4 Nd7 19. Qd5 Qc8 20. Nd4 Nc5 21. Nxf5
Qxf5 22. exd6 exd6 23. Qxf5 gxf5 24. Rxd6 Ne4 25. Nxe4 fxe4 26. c3 f5 27. Rfd1
b5 28. Rd7 b4 29. Bc5 Rfb8 30. Bxb4 Re8 31. Re7 Bf6 32. Rxe8+ Rxe8 33. Kf1 Bh4
34. Ke2 Bg3 35. Ke3 Kf7 36. Rd7+ Kg6 37. Rxa7 Bxf4+ 38. Kxf4 e3 39. Re7 Rxe7
40. Bxe7 e2 41. Bh4 1-0

[Event "18. Blankenburger Schachturnier, A-Gr."]
[Site "?"]
[Date "2013.10.05"]
[Round "5.10"]
[White "Stanke, Achim"]
[Black "Schomann, Michael"]
[Result "1-0"]
[WhiteElo "2158"]
[BlackElo "1753"]
[PlyCount "75"]

1. d4 Nf6 2. g3 g6 3. Bg2 Bg7 4. Nh3 d6 5. c3 O-O 6. O-O Nbd7 7. f3 c6 8. Nf2
Qb6 9. Na3 a5 10. e4 Qa6 11. Re1 b5 12. Nc2 e5 13. f4 Bb7 14. Bf3 h5 15. h3 Bh6
16. f5 Bxc1 17. Qxc1 Kg7 18. Kg2 Rh8 19. Qg5 Rag8 20. Rad1 c5 21. Ne3 Qa8 22.
fxg6 fxg6 23. Nf5+ Kf8 24. Nxd6 exd4 25. cxd4 cxd4 26. Nxb7 Qxb7 27. e5 Nd5 28.
Rxd4 N7b6 29. e6 Kg7 30. Qe5+ Kh7 31. Bxd5 Nxd5 32. Qxd5 Qb8 33. Qe5 Qb7+ 34.
Qe4 Qc8 35. Rd7+ Kh6 36. h4 Rh7 37. Rxh7+ Kxh7 38. Nh3 1-0

[Event "18. Blankenburger Schachturnier, A-Gr."]
[Site "?"]
[Date "2013.10.05"]
[Round "5.11"]
[White "Kasper, Mike"]
[Black "Hielscher, Ursula"]
[Result "0-1"]
[WhiteElo "1917"]
[BlackElo "1891"]
[PlyCount "60"]

1. e4 e6 2. d4 d5 3. Nc3 Bb4 4. e5 Qd7 5. a3 Bxc3+ 6. bxc3 b6 7. Qg4 f5 8. Qh5+
Qf7 9. Qh3 Ba6 10. Bxa6 Nxa6 11. Qd3 Nb8 12. Ne2 Ne7 13. O-O O-O 14. c4 Nd7 15.
cxd5 Nxd5 16. c4 Ne7 17. f4 Rad8 18. Qe3 Nb8 19. Bb2 Na6 20. Rad1 c5 21. Nc3
cxd4 22. Rxd4 Nc6 23. Rxd8 Rxd8 24. Nb5 Nc5 25. Nd6 Qe7 26. Qf3 Na5 27. Rd1 Ne4
28. Qd3 Qd7 29. g4 Nxc4 30. Qd4 Nexd6 0-1

[Event "18. Blankenburger Schachturnier, A-Gr."]
[Site "?"]
[Date "2013.10.05"]
[Round "5.12"]
[White "Fleischmann, Torsten"]
[Black "Ziervogel, Alexander"]
[Result "1/2-1/2"]
[WhiteElo "1868"]
[BlackElo "1797"]
[PlyCount "111"]

1. d4 Nf6 2. c4 e6 3. Nc3 c5 4. Nf3 a6 5. e3 Qc7 6. Be2 g6 7. O-O Bg7 8. d5
exd5 9. Nxd5 Nxd5 10. Qxd5 O-O 11. Rb1 Nc6 12. a3 Ne7 13. Qd2 Rd8 14. b4 d5 15.
cxd5 Rxd5 16. Qc2 b6 17. Bb2 Bb7 18. Bxg7 Kxg7 19. bxc5 b5 20. a4 Rxc5 21. Qb2+
Kg8 22. axb5 Rc2 23. Rbc1 Rc8 24. Rxc2 Qxc2 25. Qxc2 Rxc2 26. bxa6 Rxe2 27.
axb7 Rb2 28. g4 h6 29. Ne5 Rxb7 30. h4 g5 31. h5 Nd5 32. Kg2 Kg7 33. Rd1 Nf6
34. Rd4 Re7 35. Nc4 Ne8 36. Nd6 Nxd6 37. Rxd6 Re5 38. Rd3 Rb5 39. e4 Ra5 40.
Kf3 Re5 41. Rd5 Re6 42. e5 Ra6 43. Ke3 Ra2 44. f3 Ra1 45. Rd3 Ra4 46. Rd4 Ra3+
47. Ke4 Rb3 48. Rd3 Rb4+ 49. Kd5 Rf4 50. e6 fxe6+ 51. Kxe6 Kg8 52. Ke5 Kg7 53.
Rd7+ Kg8 54. Rd6 Kh7 55. Rf6 Ra4 56. Rf7+ 1/2-1/2

[Event "18. Blankenburger Schachturnier, A-Gr."]
[Site "?"]
[Date "2013.10.05"]
[Round "5.13"]
[White "Loos, Tobias"]
[Black "Kaliwoda, Enrico"]
[Result "0-1"]
[WhiteElo "1596"]
[BlackElo "1873"]
[PlyCount "52"]

1. d4 Nf6 2. Nf3 d6 3. Nc3 g6 4. e4 Bg7 5. Be3 a6 6. Qd2 Nbd7 7. O-O-O Ng4 8.
Bg5 f6 9. Bh4 Bh6 10. Bg5 fxg5 11. h3 Nxf2 12. Qxf2 g4+ 13. Kb1 gxf3 14. Bc4
Nb6 15. Bb3 e6 16. Rd3 Qe7 17. Re1 Bd7 18. Nd5 Nxd5 19. exd5 e5 20. dxe5 O-O
21. e6 Rae8 22. g4 Bg5 23. Rxf3 Bh4 24. Rxf8+ Rxf8 25. Qxf8+ Kxf8 26. Rf1+ Kg7
0-1

[Event "18. Blankenburger Schachturnier, A-Gr."]
[Site "?"]
[Date "2013.10.05"]
[Round "6.1"]
[White "Jahnel, Günther"]
[Black "Tonndorf, Matthias"]
[Result "1-0"]
[WhiteElo "2301"]
[BlackElo "2222"]
[PlyCount "125"]

1. d4 Nf6 2. c4 e6 3. Nc3 Bb4 4. Nf3 b6 5. Bg5 Bb7 6. e3 h6 7. Bh4 g5 8. Bg3
Ne4 9. Qc2 f5 10. Bd3 O-O 11. h4 Bxc3+ 12. bxc3 g4 13. Ne5 Nxg3 14. fxg3 Qf6
15. h5 Qg5 16. Qf2 Nc6 17. Ng6 Rf7 18. Kd2 Re8 19. Raf1 d6 20. Kc2 Ne7 21. Nf4
Qf6 22. Rh4 e5 23. dxe5 dxe5 24. Nd5 Nxd5 25. cxd5 Bxd5 26. Rxg4+ fxg4 27. Qxf6
Rxf6 28. Rxf6 Re6 29. Rf2 Kg7 30. Bg6 Rf6 31. Rd2 Rd6 32. a3 Bb3+ 33. Kc1 Rxd2
34. Kxd2 Bf7 35. Kd3 Be6 36. Ke4 Kf6 37. Be8 a6 38. Bc6 Bc4 39. Bd7 Bf1 40. Kd5
Bxg2+ 41. e4 Bf3 42. Bf5 b5 43. Kc6 Kg5 44. Bg6 Be2 45. Kxc7 Bc4 46. Kd6 Kf6
47. Bf5 Be2 48. Bc8 a5 49. Bd7 Bd3 50. Kd5 Bc4+ 51. Kc5 Bd3 52. Bxg4 b4 53.
cxb4 axb4 54. axb4 Bxe4 55. b5 Kg5 56. Be2 Ba8 57. b6 e4 58. Kd4 Kf5 59. Ba6
Kg4 60. b7 Bxb7 61. Bxb7 Kxg3 62. Bxe4 Kg4 63. Bg6 1-0

[Event "18. Blankenburger Schachturnier, A-Gr."]
[Site "?"]
[Date "2013.10.05"]
[Round "6.2"]
[White "Kesik, Klaus-Dieter"]
[Black "Paul, Johannes"]
[Result "0-1"]
[WhiteElo "2233"]
[BlackElo "2238"]
[PlyCount "94"]

1. d4 Nf6 2. Bg5 e6 3. Nf3 h6 4. Bh4 b6 5. e3 Bb7 6. Bd3 c5 7. O-O Be7 8. c3
O-O 9. Nbd2 d6 10. Qe2 Nbd7 11. Rad1 g5 12. Bg3 Nh5 13. e4 Nxg3 14. fxg3 Qc7
15. h4 Kg7 16. e5 dxe5 17. Nxe5 cxd4 18. cxd4 Qd6 19. Nb3 Bf6 20. Rde1 Qd5 21.
Bc4 Qd6 22. Bb5 Rad8 23. Nxd7 Rxd7 24. Bxd7 Qxd7 25. Rf2 Qd5 26. Ref1 Be7 27.
Qh5 f5 28. Qe2 Bd6 29. Rf3 Rf6 30. hxg5 hxg5 31. Rc3 Rh6 32. Rfc1 Kf6 33. Qf3
Qxf3 34. gxf3 Bxg3 35. Nd2 g4 36. R1c2 Be1 37. Re3 Bxd2 38. Rxd2 Bxf3 39. Rh2
Rxh2 40. Kxh2 f4 41. Re5 Bd5 42. a3 Kg6 43. b4 b5 44. Re1 Kg5 45. Rc1 Kh4 46.
Rc7 g3+ 47. Kg1 f3 0-1

[Event "18. Blankenburger Schachturnier, A-Gr."]
[Site "?"]
[Date "2013.10.05"]
[Round "6.3"]
[White "Kahe, Ralph"]
[Black "Gröbel, Aaron"]
[Result "1-0"]
[WhiteElo "2205"]
[BlackElo "1666"]
[PlyCount "83"]

1. d4 Nf6 2. c4 c5 3. d5 b5 4. cxb5 a6 5. e3 g6 6. Nc3 Bg7 7. a4 O-O 8. Ra3 d6
9. Nf3 axb5 10. Bxb5 Ba6 11. O-O Bxb5 12. Nxb5 Nbd7 13. Re1 Nb6 14. e4 Qd7 15.
b3 Ra6 16. Nd2 Rc8 17. Qe2 Ra5 18. Ra2 Qg4 19. f3 Qh4 20. Rd1 Nfd7 21. g3 Qh5
22. Bb2 Bxb2 23. Rxb2 Ne5 24. Kg2 c4 25. Qe3 Ra6 26. Rc2 cxb3 27. Rxc8+ Nxc8
28. Qxb3 Nd7 29. Qc3 Ncb6 30. a5 Nc5 31. axb6 Rxb6 32. Ra1 f6 33. Ra8+ Kf7 34.
Nc7 Qe5 35. Qxe5 fxe5 36. Kf2 Rb2 37. Ke3 Rc2 38. Ra7 Rc3+ 39. Ke2 Rc2 40. Nb5
Nb3 41. Nxd6+ Kf6 42. N6c4 1-0

[Event "18. Blankenburger Schachturnier, A-Gr."]
[Site "?"]
[Date "2013.10.05"]
[Round "6.6"]
[White "Homburg, David"]
[Black "Prüsse, Horst"]
[Result "1/2-1/2"]
[WhiteElo "2021"]
[BlackElo "2010"]
[PlyCount "80"]

1. d4 Nf6 2. c4 e6 3. Nf3 b6 4. a3 Bb7 5. e3 Ne4 6. Nc3 Nxc3 7. bxc3 Be7 8. Bd3
f5 9. Qc2 O-O 10. e4 fxe4 11. Bxe4 Bxe4 12. Qxe4 Nc6 13. h4 Qe8 14. h5 Qf7 15.
Qe2 d6 16. h6 g6 17. Ng5 Bxg5 18. Bxg5 e5 19. Be3 Rae8 20. Rd1 Na5 21. d5 Qd7
22. Rh4 Rf4 23. Bxf4 exf4 24. Rxf4 Rxe2+ 25. Kxe2 Qe7+ 26. Kf1 Qg5 27. Rdd4
Qxh6 28. Rde4 Qh1+ 29. Ke2 Qxg2 30. Re7 Nxc4 31. Rxc4 Qxd5 32. Rcxc7 Kf8 33.
Rxh7 Qe4+ 34. Kd2 Qf4+ 35. Kd3 Qf3+ 36. Kc4 Qe2+ 37. Kb3 Qb5+ 38. Ka2 Qe2+ 39.
Ka1 Qd1+ 40. Kb2 Qe2+ 1/2-1/2

[Event "18. Blankenburger Schachturnier, A-Gr."]
[Site "?"]
[Date "2013.10.05"]
[Round "6.7"]
[White "Hielscher, Ursula"]
[Black "Stanke, Achim"]
[Result "0-1"]
[WhiteElo "1891"]
[BlackElo "2158"]
[PlyCount "161"]

1. d4 g6 2. c4 Bg7 3. Nc3 d6 4. e4 Nd7 5. Bg5 f6 6. Be3 e5 7. Nge2 Nh6 8. f3 f5
9. Qd2 Nf7 10. exf5 gxf5 11. O-O-O O-O 12. g3 c6 13. h4 Qc7 14. Bh3 Nb6 15. b3
Be6 16. Qc2 Nh6 17. Rd2 Rae8 18. Rhd1 Bc8 19. dxe5 dxe5 20. Bc5 Rf6 21. Bd6 Qf7
22. Bg2 Nd7 23. Ng1 Qg6 24. Nce2 Nf7 25. Ba3 Nf8 26. f4 Rfe6 27. Nh3 Qg4 28.
Nf2 Qg6 29. Bh3 e4 30. Nh1 Qh5 31. Nd4 Rg6 32. Ne2 Ne6 33. Bf1 Qf3 34. Bh3 Nh6
35. Rf1 Qe3 36. h5 Rf6 37. Kb1 Rf7 38. Bc1 Qb6 39. Rfd1 Nc5 40. Bb2 Nd3 41.
Bxg7 Rxg7 42. Qc3 Rf7 43. Nc1 Nc5 44. Rd6 Ne6 45. c5 Qc7 46. Bf1 Rff8 47. Bc4
Nf7 48. R6d2 Qe7 49. b4 b6 50. cxb6 axb6 51. Nb3 Rd8 52. Bxe6 Bxe6 53. Nd4 Bd7
54. a3 Rc8 55. Ne2 Be6 56. Nd4 c5 57. Nxe6 Qxe6 58. Qb2 cxb4 59. axb4 Rc4 60.
Rd4 Rfc8 61. Rxc4 Rxc4 62. Rd4 b5 63. Nf2 Rxd4 64. Qxd4 Qb3+ 65. Kc1 Qxg3 66.
h6 Qxf4+ 67. Kb1 Qxh6 68. Qd7 Qf4 69. Qc8+ Kg7 70. Qc3+ Qe5 71. Qh3 Nd6 72.
Qg2+ Kf6 73. Qg8 Nf7 74. Qxh7 Qd4 75. Qh4+ Ke6 76. Qg3 Qxb4+ 77. Kc2 Qc4+ 78.
Kb2 Qd4+ 79. Kc2 b4 80. Qg6+ Qf6 81. Qg3 0-1

[Event "18. Blankenburger Schachturnier, A-Gr."]
[Site "?"]
[Date "2013.10.05"]
[Round "6.8"]
[White "Khudovekov, Stanislav"]
[Black "Rutz, Matthias"]
[Result "1/2-1/2"]
[WhiteElo "2048"]
[BlackElo "2073"]
[PlyCount "43"]

1. Nf3 d5 2. g3 Nf6 3. c4 e6 4. Bg2 d4 5. e3 Nc6 6. Nxd4 Nxd4 7. exd4 Qxd4 8.
O-O Bc5 9. d3 O-O 10. Nc3 Qd8 11. Qe2 h6 12. Be3 Bd4 13. Bxd4 Qxd4 14. Nb5 Qd7
15. Rfd1 a6 16. Nc3 Qd4 17. Qe3 Qxe3 18. fxe3 Ng4 19. Re1 Ne5 20. Red1 Ng4 21.
Re1 Ne5 22. Red1 1/2-1/2

[Event "18. Blankenburger Schachturnier, A-Gr."]
[Site "?"]
[Date "2013.10.05"]
[Round "6.9"]
[White "Kalliwoda, Enrico"]
[Black "Bauer, Burkhard"]
[Result "1/2-1/2"]
[WhiteElo "1873"]
[BlackElo "2123"]
[PlyCount "49"]

1. e4 c5 2. Nf3 b6 3. b3 Bb7 4. Bc4 e6 5. Nc3 a6 6. a4 d5 7. exd5 exd5 8. Be2
d4 9. Nb1 Nf6 10. O-O Be7 11. Re1 O-O 12. Bd3 Nc6 13. c3 Re8 14. Bb2 dxc3 15.
dxc3 Qc7 16. Qc2 Rad8 17. Nbd2 h6 18. h3 Nd5 19. Nc4 Bf6 20. Re4 Nf4 21. Rae1
Ne7 22. R4e3 Nxd3 23. Rxd3 Ng6 24. Rxe8+ Rxe8 25. Nd6 1/2-1/2

[Event "18. Blankenburger Schachturnier, A-Gr."]
[Site "?"]
[Date "2013.10.05"]
[Round "6.10"]
[White "Ziervogel, Alexander"]
[Black "Fahsel, Nico"]
[Result "1-0"]
[WhiteElo "1797"]
[BlackElo "1766"]
[PlyCount "69"]

1. d4 d5 2. c4 e6 3. Nc3 Nf6 4. Nf3 Nbd7 5. Bg5 Be7 6. e3 O-O 7. Rc1 b6 8. Qa4
c5 9. Be2 Bb7 10. O-O h6 11. Bh4 g5 12. Bg3 Ne4 13. Nxe4 dxe4 14. Ne5 Nxe5 15.
dxe5 f5 16. exf6 Bxf6 17. Rcd1 Qe8 18. Qc2 Qf7 19. Rd6 Rad8 20. Rfd1 Rxd6 21.
Rxd6 h5 22. Qd1 Bxb2 23. Bxh5 Qf6 24. Rd7 Ba6 25. Qc2 Qc3 26. Qxc3 Bxc3 27. Be2
Ra8 28. h3 Bc8 29. Rc7 Bf6 30. Bg4 Kf8 31. Bd6+ Ke8 32. Bh5+ Kd8 33. Rf7 Bc3
34. Be7+ Ke8 35. Bxg5 1-0